| 000 | 00534nam a22001577a 4500 | ||
|---|---|---|---|
| 999 |
_c533578 _d533578 |
||
| 020 | _qHard Cover. | ||
| 082 | _a624.1 | ||
| 100 | _aQayyum, Kashif | ||
| 245 |
_aSeismic vulnerability assessment of deficient reinforced concrete frame structure / _cKashif Qayyum. |
||
| 260 |
_aIslamabad: _bSCEE - NUST, _c2012. |
||
| 300 |
_a119 p. : _bill. ; _c30cm. |
||
| 942 |
_2ddc _cTHE |
||
| 650 |
_aStructural Engineering MS Ph. D-Thesis. _927329 |
||
| 700 |
_aDr. Shaukat Ali Khan _927330 |
||